00739 a2200169 45000010006000000050017000060080041000230030015000640400040000790800093001192450070002122640126002823000018004080410008004261000104004347000031005386283820260407155922.0260407a1980 arg spa dAR-UNSa-BCEJYS aAR-UNSa-BCEJYSbspacAR-UNSa-BCEJYS a339.92xCooperación económica internacional. Integración económica internacional10aAnálisis comparativo de los tratados de Montevideop1960 y 1980 1aBuenos Aires :bBID/INTAL (Banco Interamericano de Desarrollo. Instituto para la integración de América Latina)c1980 a40 p.c28 cm. aspa1 aBanco Interamericano de Desarrollo. Instituto para la Integración de América Latina (BID-INTAL)1 aBarros Charlín, Raymundo